[Event "WchT Seniors 65"]
[Site "Struga"]
[Date "2023.09.23"]
[Round "5.1"]
[White "Rozlapa, Vija"]
[Black "Wegerer, Fred"]
[Result "0-1"]
[WhiteElo "1903"]
[BlackElo "2101"]
[PlyCount "94"]
[EventDate "2023.09.19"]
[EventType "team-swiss"]
[EventRounds "9"]
[EventCountry "MKD"]
[SourceTitle "EXT 2024"]
[Source "ChessBase"]
[SourceDate "2023.10.10"]
[SourceVersion "1"]
[SourceVersionDate "2023.10.10"]
[SourceQuality "1"]
[WhiteTeam "Latvia 65 (W)"]
[BlackTeam "Austria Steiermark 65"]
[WhiteTeamCountry "LAT"]
[BlackTeamCountry "AUT"]

1. e4 c5 2. Nf3 e6 3. d4 cxd4 4. Nxd4 a6 5. Bd3 Bc5 6. Nb3 Ba7 7. 0-0 h5 8. Nc3 Nc6 9. Re1 Ne5 10. Be3 Bxe3 11. Rxe3 Nf6 12. Bf1 Qc7 13. Nd5 exd5 14. exd5 Nfg4 15. Re2 d6 16. f4 Kf8 17. fxe5 Nxe5 18. h3 b5 19. Qd4 Bd7 20. Rf2 Rc8 21. Re1 Re8 22. Re3 Qd8 23. Qf4 Qe7 24. Nc1 g5 25. Qf6 Qxf6 26. Rxf6 Ke7 27. Rf2 f5 28. Nd3 Kf6 29. b3 a5 30. Nxe5 Rxe5 31. Rxe5 Kxe5 32. c4 bxc4 33. bxc4 f4 34. Re2+ Kf6 35. Rb2 g4 36. Rb7 Bf5 37. Kf2 Re8 38. hxg4 hxg4 39. Be2 Ke5 40. Rb6 Rh8 41. Rb7 g3+ 42. Kg1 Be4 43. Re7+ Kd4 44. c5 Rb8 45. Rf7 Rb1+ 46. Bf1 Ke5 47. Re7+ Kxd5 0-1

[Event "EU-chT Seniors 50"]
[Site "Dresden"]
[Date "2022.11.04"]
[Round "9.1"]
[White "Rosenthal, Dirk"]
[Black "Wegerer, Fred"]
[Result "0-1"]
[WhiteElo "2387"]
[BlackElo "2098"]
[PlyCount "78"]
[EventDate "2022.10.27"]
[EventType "team-swiss"]
[EventRounds "9"]
[EventCountry "GER"]
[SourceTitle "EXT 2024"]
[Source "ChessBase"]
[SourceDate "2023.10.10"]
[SourceVersion "1"]
[SourceVersionDate "2023.10.10"]
[SourceQuality "1"]
[WhiteTeam "Berlin 50 II"]
[BlackTeam "Graz 50"]
[WhiteTeamCountry "GER"]
[BlackTeamCountry "AUT"]

1. e4 c5 2. Nf3 Nc6 3. d4 cxd4 4. Nxd4 e5 5. Nb5 d6 6. N1c3 a6 7. Na3 b5 8. Nd5 Nge7 9. c4 Nd4 10. cxb5 Nxd5 11. exd5 Be7 12. Bc4 0-0 13. 0-0 Bf6 14. bxa6 Bxa6 15. Be3 Nf5 16. Qe2 Nxe3 17. Qxe3 Qa5 18. Rfd1 Rfb8 19. Qe2 e4 20. Rab1 e3 21. fxe3 Bc8 22. Bb3 Qb4 23. Nc2 Qe4 24. Rd2 Ba6 25. Qf3 Qg6 26. Qg3 Qe4 27. Qxd6 Be5 28. Qd7 Bd3 29. Rxd3 Qxd3 30. Rf1 Bxh2+ 31. Kxh2 Qxf1 32. Nd4 Re8 33. Qg4 Re5 34. e4 h5 35. Qh4 Rae8 36. Nf3 Rxe4 37. Qxh5 Re2 38. Qg4 Rxb2 39. d6 Rxg2+ 0-1

[Event "St Veit op 41st"]
[Site "St Veit"]
[Date "2022.07.10"]
[Round "2"]
[White "Wegerer, Fred"]
[Black "Burbach, Brunel Baron"]
[Result "0-1"]
[WhiteElo "2137"]
[BlackElo "1820"]
[PlyCount "102"]
[EventDate "2022.07.09"]
[EventType "swiss"]
[EventRounds "9"]
[EventCountry "AUT"]
[SourceTitle "CBM 209 Extra"]
[Source "ChessBase"]
[SourceDate "2022.09.30"]
[SourceVersion "1"]
[SourceVersionDate "2022.09.30"]
[SourceQuality "1"]

1. c4 e5 2. e3 Nc6 3. Nc3 f5 4. a3 a5 5. d4 e4 6. Nge2 Nf6 7. Nf4 d6 8. h4 g6 9. Be2 Bg7 10. h5 g5 11. h6 gxf4 12. hxg7 Rg8 13. Bh5+ Ke7 14. exf4 Rxg7 15. d5 Nb8 16. g3 Na6 17. Be2 c5 18. Be3 Bd7 19. Qc2 Qg8 20. 0-0-0 b6 21. Rh6 Rg6 22. Rh2 Qg7 23. Rdh1 h6 24. Bd2 Nc7 25. Bh5 Nxh5 26. Rxh5 Ne8 27. Nd1 Nf6 28. Bc3 Qf8 29. R5h4 b5 30. cxb5 Nxd5 31. Qd2 Nb6 32. Ne3 Bxb5 33. Nd5+ Nxd5 34. Qxd5 Rb8 35. Rh5 Bd7 36. Bxa5 Qf6 37. Bc3 Qe6 38. Qd1 Rf8 39. Re1 d5 40. Be5 d4 41. Qc2 Rc8 42. Kb1 Bb5 43. Ka1 Be8 44. Kb1 Bf7 45. Kc1 Rgg8 46. Rh3 Rgd8 47. Kd2 c4 48. Qa4 c3+ 49. Kd1 Qb3+ 50. Qxb3 Bxb3+ 51. Kc1 d3 0-1

[Event "AUT-chT2M 2122"]
[Site "Austria"]
[Date "2022.03.27"]
[Round "9.2"]
[White "Ceschia, Ivano"]
[Black "Wegerer, Fred"]
[Result "1-0"]
[WhiteElo "2240"]
[BlackElo "2069"]
[PlyCount "71"]
[EventDate "2021.10.01"]
[EventType "team-tourn"]
[EventRounds "11"]
[EventCountry "AUT"]
[SourceTitle "EXT 2023"]
[Source "ChessBase"]
[SourceDate "2022.10.05"]
[SourceVersion "1"]
[SourceVersionDate "2022.10.05"]
[SourceQuality "1"]
[WhiteTeam "St Veit/Glan II"]
[BlackTeam "Gleisdorf"]
[WhiteTeamCountry "AUT"]
[BlackTeamCountry "AUT"]

1. d4 Nf6 2. Nf3 d6 3. g3 Nbd7 4. Bg2 e5 5. c4 Be7 6. Nc3 0-0 7. 0-0 a6 8. Qc2 Rb8 9. Rd1 exd4 10. Nxd4 Re8 11. b3 g6 12. Bb2 c5 13. Nf3 b5 14. Ne4 Nxe4 15. Qxe4 Bb7 16. Qf4 bxc4 17. Qxc4 Bf6 18. Qc2 Qe7 19. e3 Be4 20. Qe2 a5 21. Bxf6 Qxf6 22. Nd2 Bxg2 23. Kxg2 d5 24. Qf3 Qe6 25. Qf4 Rb4 26. Qc7 a4 27. h4 axb3 28. axb3 d4 29. e4 d3 30. Nf3 Rxb3 31. Ra7 Qe7 32. Qxd7 Qxd7 33. Rxd7 c4 34. Nd2 Rb2 35. Nxc4 Rc2 36. Nd6 1-0

[Event "AUT-chT2M 2122"]
[Site "Austria"]
[Date "2022.03.25"]
[Round "7.3"]
[White "Wiesinger, Robert"]
[Black "Wegerer, Fred"]
[Result "0-1"]
[WhiteElo "2218"]
[BlackElo "2069"]
[PlyCount "80"]
[EventDate "2021.10.01"]
[EventType "team-tourn"]
[EventRounds "11"]
[EventCountry "AUT"]
[SourceTitle "EXT 2023"]
[Source "ChessBase"]
[SourceDate "2022.10.05"]
[SourceVersion "1"]
[SourceVersionDate "2022.10.05"]
[SourceQuality "1"]
[WhiteTeam "Steyregg"]
[BlackTeam "Gleisdorf"]
[WhiteTeamCountry "AUT"]
[BlackTeamCountry "AUT"]

1. e4 c5 2. Nf3 Nc6 3. Bb5 Na5 4. d4 a6 5. Bd3 cxd4 6. Nxd4 e6 7. 0-0 Qc7 8. Qe2 d6 9. c4 Ne7 10. b3 Nac6 11. Bb2 Bd7 12. Nxc6 Nxc6 13. f4 Nb4 14. Kh1 Bc6 15. Nd2 Nxd3 16. Qxd3 Rd8 17. Qh3 h6 18. Rae1 Rg8 19. Nb1 Be7 20. Nc3 Qa5 21. a3 b5 22. Qd3 bxc4 23. Qxc4 Rc8 24. Rc1 Bd7 25. Qd3 Rd8 26. Rfd1 Qb6 27. b4 g6 28. Qd2 h5 29. Ne2 Qb7 30. Qe3 Bc6 31. Nc3 Bf6 32. Rd2 g5 33. Nd5 Bxb2 34. Rxb2 Bxd5 35. exd5 Qxd5 36. Rd2 gxf4 37. Qxf4 Qg5 38. Qf2 Rg6 39. Rc6 Rf6 40. Qe2 Qxd2 0-1

[Event "EUR-chT Seniors 50"]
[Site "Mali Losinj"]
[Date "2019.09.25"]
[Round "8.2"]
[White "Wegerer, Fred"]
[Black "Pastor Alonso de Prado, Emilio Alberto"]
[Result "1-0"]
[WhiteElo "2171"]
[BlackElo "2010"]
[PlyCount "107"]
[EventDate "2019.09.18"]
[EventType "team-swiss"]
[EventRounds "9"]
[EventCountry "CRO"]
[SourceTitle "EXT 2020"]
[Source "ChessBase"]
[SourceDate "2019.10.17"]
[SourceVersion "1"]
[SourceVersionDate "2019.10.17"]
[SourceQuality "1"]
[WhiteTeam "Steiermark 50"]
[BlackTeam "Spain 50"]
[WhiteTeamCountry "AUT"]
[BlackTeamCountry "ESP"]

1. g3 d5 2. Bg2 Nf6 3. Nf3 c6 4. b3 Bg4 5. Ba3 Nbd7 6. c4 Bxf3 7. Bxf3 dxc4 8. bxc4 Ne5 9. Qb3 Nxf3+ 10. Qxf3 Qd4 11. Nc3 h5 12. Rb1 0-0-0 13. 0-0 h4 14. Rb3 hxg3 15. hxg3 Qxc4 16. Rfb1 Rd7 17. d3 Qa6 18. Bc5 e6 19. Ra3 Qxa3 20. Bxa3 Bxa3 21. Qe3 Kb8 22. Kg2 Bd6 23. Qf3 Be5 24. Nd1 Kc8 25. Ne3 Bc7 26. Nc4 Rd5 27. e4 Rdh5 28. Qe3 b5 29. Qxa7 bxc4 30. Rb7 Ne8 31. dxc4 Rh2+ 32. Kf3 f5 33. e5 g5 34. Rb3 Bxe5 35. Qb7+ Kd8 36. Rd3+ Nd6 37. c5 g4+ 38. Ke2 R2h7 39. Qb8+ Kd7 40. Rxd6+ Bxd6 41. Qxd6+ Ke8 42. Qxc6+ Kf7 43. Qd6 Re8 44. c6 Rhh8 45. c7 Ra8 46. a4 Rhe8 47. Qd7+ Kf6 48. a5 Rec8 49. a6 Rxc7 50. Qxc7 Rxa6 51. Qd8+ Kf7 52. Ke3 e5 53. Qd3 Rf6 54. Qd7+ 1-0

[Event "Steyr Landesliga 1819"]
[Site "Austria"]
[Date "2019.01.26"]
[Round "7.4"]
[White "Wegerer, Fred"]
[Black "Bonstingl, Georg"]
[Result "1/2-1/2"]
[WhiteElo "2142"]
[BlackElo "2215"]
[PlyCount "28"]
[EventDate "2018.10.06"]
[EventType "team-tourn"]
[EventRounds "11"]
[EventCountry "AUT"]
[SourceTitle "CBM 189 Extra"]
[Source "ChessBase"]
[SourceDate "2019.06.03"]
[SourceVersion "1"]
[SourceVersionDate "2019.06.03"]
[SourceQuality "1"]
[WhiteTeam "Graz Austria"]
[BlackTeam "Gamlitz"]
[WhiteTeamCountry "AUT"]
[BlackTeamCountry "AUT"]

1. Nf3 Nf6 2. b3 g6 3. Bb2 Bg7 4. c4 d6 5. Nc3 0-0 6. d4 c6 7. e3 Nbd7 8. Be2 Re8 9. 0-0 e5 10. dxe5 dxe5 11. h3 Qc7 12. Nd2 Rd8 13. Qc1 Nc5 14. Ba3 Bf8 1/2-1/2

[Event "AUT-chT2M 1718"]
[Site "Austria"]
[Date "2018.04.07"]
[Round "11.4"]
[White "Wegerer, Fred"]
[Black "Sandhoefner, Florian"]
[Result "1/2-1/2"]
[WhiteElo "2099"]
[BlackElo "2286"]
[PlyCount "55"]
[EventDate "2017.10.27"]
[EventType "team-tourn"]
[EventRounds "11"]
[EventCountry "AUT"]
[SourceTitle "EXT 2019"]
[Source "ChessBase"]
[SourceDate "2018.10.10"]
[SourceVersion "1"]
[SourceVersionDate "2018.10.10"]
[SourceQuality "1"]
[WhiteTeam "Gleisdorf"]
[BlackTeam "St Valentin"]
[WhiteTeamCountry "AUT"]
[BlackTeamCountry "AUT"]

1. g3 d5 2. Bg2 Nf6 3. Nf3 c6 4. d3 Bf5 5. Nbd2 e6 6. b3 h6 7. Bb2 Be7 8. a3 0-0 9. Ra2 Nfd7 10. e4 Bh7 11. 0-0 Bf6 12. e5 Be7 13. d4 c5 14. c4 Nb6 15. dxc5 Bxc5 16. b4 Be7 17. c5 N6d7 18. Qb3 b6 19. cxb6 Qxb6 20. Bd4 Qb7 21. Rb2 Nc6 22. Re1 Rac8 23. h4 Nxd4 24. Nxd4 Rc7 25. Bf3 Rfc8 26. Nb1 Rc1 27. Qe3 Rxe1+ 28. Qxe1 1/2-1/2

[Event "AUT-chT2M 1718"]
[Site "Austria"]
[Date "2018.04.06"]
[Round "10.2"]
[White "Genser, Harald"]
[Black "Wegerer, Fred"]
[Result "0-1"]
[WhiteElo "2306"]
[BlackElo "2099"]
[PlyCount "128"]
[EventDate "2017.10.27"]
[EventType "team-tourn"]
[EventRounds "11"]
[EventCountry "AUT"]
[SourceTitle "EXT 2019"]
[Source "ChessBase"]
[SourceDate "2018.10.10"]
[SourceVersion "1"]
[SourceVersionDate "2018.10.10"]
[SourceQuality "1"]
[WhiteTeam "Die Klagenfurter"]
[BlackTeam "Gleisdorf"]
[WhiteTeamCountry "AUT"]
[BlackTeamCountry "AUT"]

1. d4 Nf6 2. Bf4 d5 3. e3 e6 4. Bd3 Bd6 5. Bg3 Nc6 6. Nf3 a6 7. c3 h6 8. Ne5 Bxe5 9. dxe5 Nd7 10. f4 h5 11. Nd2 Ne7 12. Bh4 c6 13. Qe2 Qb6 14. Rb1 Nc5 15. Bc2 a5 16. 0-0 a4 17. Bf2 Qc7 18. c4 b6 19. Rfc1 Ba6 20. e4 dxc4 21. Nxc4 0-0 22. Bd1 Ng6 23. Bxc5 bxc5 24. Qe3 h4 25. Bxa4 Bxc4 26. Rxc4 Rfd8 27. Bb3 Rd4 28. Rf1 Rad8 29. Rc2 Qe7 30. h3 Rd1 31. Bc4 R8d4 32. Be2 Rxf1+ 33. Bxf1 Qa7 34. a3 Qa4 35. Re2 Qd1 36. Re1 Qd2 37. Qxd2 Rxd2 38. a4 Rxb2 39. a5 Ra2 40. a6 Nxf4 41. Rc1 Ra5 42. Rc2 Ng6 43. Bc4 Ne7 44. Ra2 Rxa2 45. Bxa2 Nc8 46. Kf2 Kf8 47. Ke3 Ke7 48. Kd3 Nb6 49. Bc4 Kd7 50. a7 Kc7 51. Ba6 Na8 52. Kc4 Kb6 53. Bc8 Kxa7 54. Kxc5 Nb6 55. Kxc6 Nxc8 56. Kd7 Kb7 57. Ke8 f6 58. Kd7 fxe5 59. Kxe6 Kc6 60. Kxe5 Kd7 61. Kf4 Ke6 62. Kg5 Nd6 63. Kxh4 Nxe4 64. Kg4 Kf6 0-1